| 000 | 00842nam a2200277 a 4500 | ||
|---|---|---|---|
| 001 | vtls000921739 | ||
| 003 | NLI | ||
| 005 | 20210627090703.0 | ||
| 008 | 110906s1945 mau 001 d eng | ||
| 039 | 9 |
_y201109061821 _zVargis_01 |
|
| 040 | 0 |
_aNLI _beng _cVergis_S _eAACR2 |
|
| 041 | 0 | _aeng | |
| 044 | _amau | ||
| 084 | _a156 | ||
| 100 | 1 |
_aSprague, Arthur Colby, _d1895- _9879528 |
|
| 245 | 1 | 0 |
_aShakespeare and the actors / _cby Arthur Colby Sprague |
| 260 |
_aCambridge : _bHarvard University Press, _c1945 |
||
| 300 |
_a442 p. ; _c22 cm. |
||
| 500 | _aIncludes index | ||
| 600 | 1 | 0 |
_aShakespeare, William, _d1564-1616 _xStage history _9746783 |
| 600 | 1 | 0 |
_aShakespeare, William, _d1564-1616 _xDramatic production _9729493 |
| 887 | _a | ||
| 901 |
_aIMP82124 ; _b14.12.2010 |
||
| 902 | _a156 F 2769 | ||
| 999 |
_aVIRTUA40 _c758917 _d758917 |
||
| 942 |
_2ddc _cBKS |
||